[Event "World Rapid Championship"]
[Site "Berlin GER"]
[Date "2015.10.11"]
[EventDate "2015.10.10"]
[Round "6.41"]
[Result "1-0"]
[White "Jan-Krzysztof Duda"]
[Black "Alexander Moiseenko"]
[WhiteElo "2658"]
[BlackElo "2692"]
[PlyCount "115"]

1. d4 Nf6 2. c4 e6 3. Nc3 Bb4 4. e3 b6 5. Bd3 Bb7 6. Nf3 O-O
7. O-O Re8 8. Qc2 Bxf3 9. gxf3 Nc6 10. Ne4 Nxe4 11. Bxe4 Qg5+
12. Kh1 Qh5 13. f4 Bf8 14. Bd2 Rad8 15. Rg1 f5 16. Bd3 Ne7
17. Rg3 Kh8 18. Rag1 Ng8 19. Bc3 Nf6 20. d5 Qf7 21. Be5 c6
22. d6 g6 23. Be2 Bg7 24. Bf3 Rg8 25. b4 Ne8 26. Qd2 Bxe5
27. fxe5 f4 28. exf4 Ng7 29. Rh3 Rdf8 30. Rg4 Nh5 31. Rgh4 Rg7
32. Bxh5 gxh5 33. Qd3 Qf5 34. Qxf5 Rxf5 35. Re3 Rgf7 36. Re4
Rg7 37. Rh3 Rg4 38. Rf3 h4 39. b5 cxb5 40. cxb5 Rf8 41. h3 Rg7
42. Rc3 Rfg8 43. Rc1 Rf7 44. Rg1 Rc8 45. Rg4 Rc2 46. Kg2 Rxa2
47. Rc4 h6 48. Rxh4 Kh7 49. Rb4 Kg6 50. Kf3 h5 51. Rb3 Ra5
52. Kg2 Rf8 53. Rg3+ Kf5 54. f3 Ra2+ 55. Kf1 Ra1+ 56. Ke2 Ra2+
57. Kd1 Ra1+ 58. Kc2 1-0

[Event "World Rapid Championship"]
[Site "Berlin GER"]
[Date "2015.10.11"]
[EventDate "2015.10.10"]
[Round "7.30"]
[Result "0-1"]
[White "Evgeny Alekseev"]
[Black "Jan-Krzysztof Duda"]
[WhiteElo "2642"]
[BlackElo "2658"]
[PlyCount "92"]

1. e4 c5 2. Nf3 d6 3. d4 cxd4 4. Qxd4 Nf6 5. Nc3 a6 6. Bg5 Nc6
7. Qd2 e6 8. O-O-O Be7 9. Bxf6 Bxf6 10. Qxd6 Qxd6 11. Rxd6
Bxc3 12. bxc3 Ke7 13. Rd2 Bd7 14. Be2 Rhc8 15. Kb2 Rc7 16. Nd4
Rac8 17. Rhd1 Nb8 18. Rd3 Be8 19. Rh3 h6 20. Rg3 Kf8 21. Bg4
Ke7 22. Be2 Kf8 23. Bg4 Ke7 24. Be2 g6 25. Nb3 Nd7 26. c4 Ne5
27. Rd2 Nxc4+ 28. Bxc4 Rxc4 29. Re3 R8c7 30. f3 b6 31. Red3 a5
32. a3 g5 33. Nd4 Ba4 34. Re3 Kf6 35. Red3 h5 36. Re3 b5
37. Nb3 b4 38. axb4 Rxb4 39. Rc3 Rcb7 40. Ka3 Bb5 41. Nc5 Rc7
42. Rd8 Bf1 43. g3 Ke7 44. Rd2 Rb1 45. Na4 Ra7 46. Rb3 Ra1+
0-1

[Event "World Rapid Championship"]
[Site "Berlin GER"]
[Date "2015.10.11"]
[EventDate "2015.10.10"]
[Round "9.28"]
[Result "1/2-1/2"]
[White "Francisco Vallejo Pons"]
[Black "Jan-Krzysztof Duda"]
[WhiteElo "2684"]
[BlackElo "2658"]
[PlyCount "51"]

1. e4 c5 2. Ne2 d6 3. g3 Nf6 4. Bg2 e6 5. c3 Nc6 6. d4 Be7
7. O-O O-O 8. Na3 Qc7 9. h3 a6 10. g4 b5 11. Ng3 b4 12. Nc2
bxc3 13. bxc3 Rb8 14. Ne3 cxd4 15. cxd4 d5 16. exd5 Nxd5
17. Nxd5 exd5 18. Be3 Be6 19. Rc1 Qd7 20. Nh5 Na5 21. Qd2 Bb4
22. Qd3 Qb5 23. Qd1 Nc4 24. Bf4 Rbc8 25. Rb1 Qa5 26. Qf3
1/2-1/2

[Event "World Rapid Championship"]
[Site "Berlin GER"]
[Date "2015.10.11"]
[EventDate "2015.10.10"]
[Round "10.34"]
[Result "1-0"]
[White "Jan-Krzysztof Duda"]
[Black "Axel Bachmann Schiavo"]
[WhiteElo "2658"]
[BlackElo "2593"]
[PlyCount "115"]

1. d4 Nf6 2. c4 e6 3. Nf3 Bb4+ 4. Nc3 b6 5. e3 Bb7 6. Bd3 O-O
7. O-O c5 8. Qe2 Bxc3 9. bxc3 Be4 10. Nd2 Bxd3 11. Qxd3 Nc6
12. e4 e5 13. d5 Ne7 14. f4 exf4 15. e5 Ng4 16. Qe2 f5 17. h3
Nh6 18. Nb3 Ng6 19. Bxf4 Nxf4 20. Rxf4 Qg5 21. Raf1 Rae8
22. Nc1 g6 23. Nd3 Nf7 24. Qe3 Nd6 25. R1f3 Qe7 26. g4 Qg7
27. gxf5 Rxf5 28. Kh2 Rxf4 29. Qxf4 Nf5 30. h4 Nh6 31. Kh3 Nf7
32. Re3 Nh6 33. Rf3 Nf7 34. Re3 Nh6 35. Qe4 Nf7 36. e6 Nd6
37. Qf4 Nf5 38. exd7 Rxe3+ 39. Qxe3 Qxd7 40. Qf4 Qd6 41. Ne5
b5 42. cxb5 Qxd5 43. Qc4 Qxc4 44. Nxc4 Kf8 45. a4 Ke7 46. a5
Kd7 47. Kg4 Kc7 48. Kg5 h6+ 49. Kxg6 Nxh4+ 50. Kxh6 Nf5+
51. Kg5 Ne7 52. Ne3 Nc8 53. Kf6 Nd6 54. c4 a6 55. bxa6 Kb8
56. Ke6 Nc8 57. Nd5 Ka7 58. Ne7 1-0

[Event "World Rapid Championship"]
[Site "Berlin GER"]
[Date "2015.10.12"]
[EventDate "2015.10.10"]
[Round "12.36"]
[Result "0-1"]
[White "Jan-Krzysztof Duda"]
[Black "Vladislav Kovalev"]
[WhiteElo "2658"]
[BlackElo "2546"]
[PlyCount "50"]

1. d4 Nf6 2. c4 e5 3. dxe5 Ng4 4. Bf4 g5 5. Bd2 Nxe5 6. Bc3
Bg7 7. e3 O-O 8. Nf3 Nbc6 9. Nxe5 Nxe5 10. Nd2 d6 11. Be2 f5
12. Rc1 b6 13. O-O Bb7 14. b4 g4 15. Qb3 c5 16. Rfd1 Qg5
17. Bxe5 Bxe5 18. f4 gxf3 19. Bxf3 Be4 20. bxc5 Qh4 21. cxd6
Kh8 22. d7 Rad8 23. Kf1 Rg8 24. Ke2 Bxf3+ 25. gxf3 Rxd7 0-1

[Event "World Rapid Championship"]
[Site "Berlin GER"]
[Date "2015.10.12"]
[EventDate "2015.10.10"]
[Round "13.44"]
[Result "1/2-1/2"]
[White "Falko Bindrich"]
[Black "Jan-Krzysztof Duda"]
[WhiteElo "2594"]
[BlackElo "2658"]
[PlyCount "44"]

1. d4 Nf6 2. c4 e6 3. g3 d5 4. Bg2 dxc4 5. Nf3 b5 6. a4 c6
7. O-O Bb7 8. Nc3 a6 9. Ne5 Nd5 10. e4 Nxc3 11. bxc3 Nd7
12. Bf4 Be7 13. d5 Nxe5 14. Bxe5 f6 15. d6 fxe5 16. Qh5+ g6
17. Qxe5 Kf7 18. dxe7 Qxe7 19. Qf4+ Kg7 20. Qe5+ Qf6 21. Qc7+
Qf7 22. Qe5+ Qf6 1/2-1/2

[Event "World Rapid Championship"]
[Site "Berlin GER"]
[Date "2015.10.12"]
[EventDate "2015.10.10"]
[Round "14.42"]
[Result "1/2-1/2"]
[White "Jan-Krzysztof Duda"]
[Black "Surya Shekhar Ganguly"]
[WhiteElo "2658"]
[BlackElo "2652"]
[PlyCount "201"]

1. d4 Nf6 2. c4 e6 3. Nc3 Bb4 4. e3 O-O 5. Bd3 d5 6. cxd5 exd5
7. Ne2 c5 8. a3 Bxc3+ 9. bxc3 b6 10. O-O Ba6 11. dxc5 bxc5
12. Bxa6 Nxa6 13. c4 dxc4 14. Qa4 Qb6 15. Qxc4 Rfd8 16. Ra2
Rac8 17. Rc2 Qe6 18. Qxe6 fxe6 19. Bb2 Nd5 20. Rfc1 Nb6
21. Kf1 Kf7 22. Ke1 g6 23. Ng3 c4 24. Ne4 Nc5 25. Nxc5 Rxc5
26. Bd4 Ra5 27. Bxb6 axb6 28. Rxc4 Rxa3 29. Rc7+ Kf6 30. Rxh7
Ra2 31. Rcc7 Rdd2 32. Rhf7+ Ke5 33. g4 b5 34. h4 b4 35. Rb7
Rdc2 36. Kf1 Rc4 37. Rf4 Rxf4 38. Rb5+ Kd6 39. exf4 Ra4 40. h5
gxh5 41. gxh5 Ke7 42. Kg2 Kf6 43. Kg3 Ra3+ 44. Kg4 Rb3 45. Rb6
Rb2 46. f5 Rxf2 47. Rxe6+ Kf7 48. Rb6 Rg2+ 49. Kf4 Rf2+
50. Kg5 Rg2+ 51. Kh4 Rh2+ 52. Kg4 Rg2+ 53. Kf3 Rg5 54. Kf4
Rxh5 55. Rb7+ Kf6 56. Rb6+ Kf7 57. Ke5 Rh1 58. Rb7+ Kf8
59. Ke6 Re1+ 60. Kf6 Kg8 61. Rb8+ Kh7 62. Rb7+ Kg8 63. Rb8+
Kh7 64. Rxb4 Ra1 65. Rb7+ Kg8 66. Rb8+ Kh7 67. Re8 Ra6+
68. Kf7 Ra5 69. f6 Ra7+ 70. Ke6 Ra6+ 71. Kf5 Ra5+ 72. Ke6 Ra6+
73. Kf7 Ra7+ 74. Re7 Ra8 75. Rb7 Kh6 76. Rd7 Kh7 77. Rb7 Kh6
78. Ke6 Kg6 79. Rg7+ Kh6 80. Rd7 Kg6 81. Ke7 Kh7 82. Rd8 Ra7+
83. Rd7 Ra8 84. Rd6 Kg6 85. Rd7 Kh7 86. Kf7 Kh6 87. Rb7 Kh7
88. Re7 Kh6 89. Re1 Ra7+ 90. Kg8 Ra8+ 91. Kf7 Ra7+ 92. Ke6
Ra6+ 93. Kf5 Ra5+ 94. Re5 Ra8 95. Rd5 Kh7 96. Rd7+ Kh6 97. Rd1
Kh7 98. Rh1+ Kg8 99. Kg6 Ra7 100. Rb1 Rg7+ 101. fxg7 1/2-1/2

[Event "World Rapid Championship"]
[Site "Berlin GER"]
[Date "2015.10.12"]
[EventDate "2015.10.10"]
[Round "15.45"]
[Result "0-1"]
[White "Predrag Nikolic"]
[Black "Jan-Krzysztof Duda"]
[WhiteElo "2603"]
[BlackElo "2658"]
[PlyCount "62"]

1. d4 Nf6 2. c4 e6 3. Nf3 b6 4. g3 Ba6 5. Qa4 Bb7 6. Bg2 c5
7. O-O Be7 8. Rd1 O-O 9. Nc3 Ne4 10. Nxe4 Bxe4 11. d5 exd5
12. cxd5 Bxf3 13. Bxf3 d6 14. b4 Nd7 15. Bg4 Ne5 16. Bh3 b5
17. Qxb5 Rb8 18. Qa6 Rxb4 19. Qxa7 Bf6 20. Bd2 Rb2 21. a4 Nc4
22. Be1 Rxe2 23. Rab1 Nb2 24. Rd2 Re7 25. Qa6 Rfe8 26. Rdxb2
Rxe1+ 27. Bf1 Bxb2 28. Rxb2 Qg5 29. Qc4 g6 30. Kg2 Rc1 31. Re2
Rxe2 0-1

[Event "World Blitz Championship"]
[Site "Berlin GER"]
[Date "2015.10.13"]
[EventDate "2015.10.13"]
[Round "1.50"]
[Result "1-0"]
[White "Jan-Krzysztof Duda"]
[Black "Michael Bezold"]
[WhiteElo "2658"]
[BlackElo "2509"]
[PlyCount "129"]

1. e4 d6 2. d4 Nf6 3. Bd3 Nc6 4. Nf3 e5 5. c3 Bg4 6. Bb5 Bd7
7. Nbd2 Be7 8. O-O a6 9. Bd3 O-O 10. Re1 Re8 11. h3 Bf8
12. Nf1 g6 13. Ng3 Bg7 14. Bg5 h6 15. Be3 Rb8 16. Qd2 Kh7
17. Rad1 Qe7 18. b4 Ng8 19. a4 Rbd8 20. b5 axb5 21. axb5 Nb8
22. Ra1 Bc8 23. Nh2 Nd7 24. f4 exf4 25. Bxf4 c5 26. bxc6 bxc6
27. Nf3 c5 28. Ra7 Qf8 29. Rc7 Ndf6 30. h4 cxd4 31. cxd4 Re7
32. Rc6 Bb7 33. Rxd6 Rde8 34. e5 Nd5 35. h5 Re6 36. hxg6+ fxg6
37. Rxe6 Rxe6 38. Ne2 Nge7 39. Rf1 Qa8 40. Kf2 Rb6 41. Rh1 Qf8
42. Kg3 Nf5+ 43. Bxf5 Qxf5 44. Bxh6 g5 45. Bxg5+ Kg8 46. Nf4
Nxf4 47. Qxf4 Qxf4+ 48. Kxf4 Rb2 49. Kg3 Rb3 50. Rd1 Bd5
51. Rc1 Kf7 52. Kf2 Bf8 53. Rc7+ Ke6 54. Be3 Ba3 55. g4 Rb2+
56. Kg3 Be7 57. Bg5 Bxf3 58. Rxe7+ Kd5 59. Kxf3 Kxd4 60. Bf6
Kd5 61. Rd7+ Ke6 62. Rd6+ Kf7 63. g5 Kg6 64. Ke4 Rb4+ 65. Kd5
1-0

[Event "World Blitz Championship"]
[Site "Berlin GER"]
[Date "2015.10.13"]
[EventDate "2015.10.13"]
[Round "2.36"]
[Result "1-0"]
[White "Daniel Hausrath"]
[Black "Jan-Krzysztof Duda"]
[WhiteElo "2503"]
[BlackElo "2658"]
[PlyCount "101"]

1. Nf3 d5 2. g3 c6 3. Bg2 Bg4 4. c4 e6 5. O-O Nd7 6. cxd5 exd5
7. d3 Ngf6 8. Nc3 Be7 9. Qc2 Bxf3 10. Bxf3 d4 11. Ne4 O-O
12. Nxf6+ Nxf6 13. Bd2 Re8 14. b4 Qd7 15. Rab1 Rac8 16. Qb3
Bd6 17. Qc4 Be5 18. Rfc1 g6 19. a4 Kg7 20. b5 c5 21. b6 a6
22. Bg5 Re7 23. Kg2 h6 24. Bxf6+ Kxf6 25. Qd5 Qxd5 26. Bxd5
Bd6 27. Rc2 Kg7 28. h4 f5 29. Bf3 Rf8 30. Rbc1 g5 31. hxg5
hxg5 32. g4 fxg4 33. Bxg4 Ref7 34. f3 Re7 35. Rh1 Rfe8 36. Kf2
c4 37. dxc4 Bc5 38. Kf1 Bxb6 39. Bf5 Bc5 40. Bd3 Kf6 41. Rh6+
Ke5 42. Kf2 Rf8 43. Rg6 a5 44. Rxg5+ Kd6 45. Rg6+ Kc7 46. Rc1
Bb4 47. Rh1 Bd2 48. Rh5 Bb4 49. c5 Rfe8 50. Bb5 Re5 51. Bxe8
1-0

[Event "World Blitz Championship"]
[Site "Berlin GER"]
[Date "2015.10.13"]
[EventDate "2015.10.13"]
[Round "3.47"]
[Result "1-0"]
[White "Jan-Krzysztof Duda"]
[Black "Alexander Naumann"]
[WhiteElo "2658"]
[BlackElo "2545"]
[PlyCount "81"]

1. e4 e6 2. d3 d5 3. Nd2 c5 4. g3 Bd6 5. Bg2 Ne7 6. Nh3 O-O
7. O-O Nbc6 8. f4 f6 9. Nf2 Qc7 10. c3 b6 11. Qc2 Bb7 12. Re1
Kh8 13. Nf3 Rae8 14. Bd2 Qb8 15. Rad1 b5 16. Bc1 a5 17. h4 c4
18. d4 dxe4 19. Nxe4 Nd5 20. a4 b4 21. Qe2 Ba6 22. Bd2 Nd8
23. h5 Nf7 24. Nh4 Nh6 25. Bh3 f5 26. Nc5 Bxc5 27. dxc5 Qc8
28. Qf2 bxc3 29. Bxc3 Nxc3 30. bxc3 Bb7 31. Rd6 Bd5 32. Qd4
Rd8 33. Bg2 Bxg2 34. Kxg2 Nf7 35. Nf3 Nxd6 36. cxd6 Qc6 37. h6
Rf7 38. Rxe6 Qd7 39. Ng5 Kg8 40. Nxf7 Qxe6 41. Qxg7# 1-0

[Event "World Blitz Championship"]
[Site "Berlin GER"]
[Date "2015.10.13"]
[EventDate "2015.10.13"]
[Round "4.38"]
[Result "1-0"]
[White "Alexander Donchenko"]
[Black "Jan-Krzysztof Duda"]
[WhiteElo "2577"]
[BlackElo "2658"]
[PlyCount "139"]

1. d4 d6 2. Nf3 Nf6 3. g3 g6 4. Bg2 Bg7 5. c4 O-O 6. Nc3 Nbd7
7. O-O e5 8. e4 c6 9. h3 Qb6 10. Re1 exd4 11. Nxd4 Nc5 12. Nb3
Nfd7 13. Be3 Qc7 14. Nd4 Ne5 15. b3 f5 16. exf5 Bxf5 17. Nxf5
Rxf5 18. Qc2 Nf3+ 19. Bxf3 Rxf3 20. Rad1 Raf8 21. Ne4 Nxe4
22. Qxe4 Be5 23. Re2 R3f5 24. f4 Bg7 25. Qe6+ R5f7 26. Qxd6
Qc8 27. Kh2 Re8 28. Rdd2 Rfe7 29. Qd3 Qf5 30. g4 Qxd3 31. Rxd3
c5 32. Kg3 Bd4 33. Kf3 b6 34. b4 Kf7 35. bxc5 Bxc5 36. h4 Re4
37. Rd7+ Kg8 38. Rd3 a5 39. a3 a4 40. Rc3 Kf7 41. Rd3 R8e7
42. Bxc5 Rxe2 43. Bxe7 Rxe7 44. Rd6 Rc7 45. Rd4 b5 46. cxb5
Rc3+ 47. Ke4 Rxa3 48. Rb4 Rc3 49. Rxa4 Rb3 50. Ra7+ Kf6
51. Rxh7 Rb4+ 52. Kf3 Rb3+ 53. Kf2 Rxb5 54. Rd7 Rb3 55. Rd6+
Kf7 56. Rd5 Rh3 57. h5 gxh5 58. Rxh5 Ra3 59. Re5 Kf6 60. Re3
Ra1 61. Rb3 Rc1 62. Rb6+ Kf7 63. Kg3 Rh1 64. f5 Kg7 65. Kf4
Kf7 66. Kg5 Ra1 67. Rb7+ Kf8 68. Kg6 Ra6+ 69. f6 Ra8 70. Rh7
1-0

[Event "World Blitz Championship"]
[Site "Berlin GER"]
[Date "2015.10.13"]
[EventDate "2015.10.13"]
[Round "5.47"]
[Result "1-0"]
[White "Jan-Krzysztof Duda"]
[Black "Vahap Sanal"]
[WhiteElo "2658"]
[BlackElo "2501"]
[PlyCount "69"]

1. e4 c5 2. Nc3 e6 3. g3 d5 4. Bg2 d4 5. Nce2 Nc6 6. d3 e5
7. f4 Bd6 8. Nf3 Nf6 9. O-O O-O 10. f5 Ng4 11. h3 Ne3 12. Bxe3
dxe3 13. c3 Qb6 14. Qc1 Rd8 15. f6 g6 16. Qxe3 Qxb2 17. Rab1
Qxa2 18. Ra1 Qe6 19. Ng5 Qe8 20. g4 Bf8 21. Ng3 Rd6 22. Nf5
gxf5 23. exf5 Rxf6 24. Ne4 Qd8 25. Nxf6+ Qxf6 26. g5 Qd6
27. Be4 f6 28. Kh2 Bg7 29. Rg1 Bd7 30. Rg4 Kh8 31. Rag1 Rf8
32. gxf6 Bxf6 33. Qh6 Qe7 34. Bd5 Rd8 35. Rg8+ 1-0

[Event "World Blitz Championship"]
[Site "Berlin GER"]
[Date "2015.10.13"]
[EventDate "2015.10.13"]
[Round "6.38"]
[Result "0-1"]
[White "Tomas Krnan"]
[Black "Jan-Krzysztof Duda"]
[WhiteElo "2440"]
[BlackElo "2658"]
[PlyCount "88"]

1. e4 c5 2. Nf3 d6 3. Bb5+ Nd7 4. d4 Nf6 5. Nc3 cxd4 6. Qxd4
a6 7. Be2 e6 8. O-O Be7 9. Bg5 O-O 10. a4 b6 11. Rfe1 Bb7
12. Rad1 Rc8 13. Qd2 h6 14. Bh4 Rc5 15. Bd3 Qa8 16. h3 Rfc8
17. Qe3 Nf8 18. Bf1 Ng6 19. Bg3 Rxc3 20. bxc3 Nxe4 21. Bd3
Rxc3 22. Bh2 d5 23. Qe2 Rc5 24. Bxe4 dxe4 25. Nd4 Rg5 26. Qe3
Nh4 27. Bg3 Ng6 28. a5 bxa5 29. Rb1 Bc5 30. Qd2 Rxg3 31. fxg3
e5 32. c3 exd4 33. Kh2 d3 34. Qb2 Bd5 35. Qb8+ Qxb8 36. Rxb8+
Kh7 37. Rc8 Bf2 38. Rd1 a4 39. c4 Be6 40. Ra8 Bxc4 41. h4 Ne5
42. Kh3 Be6+ 43. Kh2 Bd4 44. Rxa6 Ng4+ 0-1

[Event "World Blitz Championship"]
[Site "Berlin GER"]
[Date "2015.10.13"]
[EventDate "2015.10.13"]
[Round "7.15"]
[Result "0-1"]
[White "Alexey Dreev"]
[Black "Jan-Krzysztof Duda"]
[WhiteElo "2644"]
[BlackElo "2658"]
[PlyCount "142"]

1. d4 Nf6 2. c4 e6 3. Nf3 b6 4. g3 Ba6 5. b3 Bb4+ 6. Bd2 Be7
7. Bg2 c6 8. Qc2 d5 9. Ne5 O-O 10. e3 Nfd7 11. Nd3 Bb7 12. Nc3
Na6 13. O-O Nf6 14. Rfd1 Rc8 15. Be1 Nb4 16. Nxb4 Bxb4 17. a3
Be7 18. Qa2 Qc7 19. Rac1 Qb8 20. b4 Rfd8 21. Rb1 Qa8 22. Qb3
Ba6 23. cxd5 cxd5 24. b5 Bb7 25. Ne2 a5 26. a4 Ne4 27. Nf4 Rc7
28. Rbc1 Rdc8 29. Qb2 Nd6 30. Rxc7 Rxc7 31. Rc1 Qc8 32. Rxc7
Qxc7 33. Bf1 g6 34. Qc3 Qxc3 35. Bxc3 Bc8 36. Nd3 f6 37. Nc1
Kf7 38. Nb3 Bd8 39. Nd2 Bd7 40. Bd3 Bc7 41. f3 h5 42. Kf2 Nf5
43. e4 Ne7 44. Nf1 g5 45. Ne3 Bd6 46. Bc2 Bc8 47. h3 Bb7
48. g4 hxg4 49. Nxg4 Ng6 50. Nh6+ Kg7 51. Ng4 Nf4 52. exd5
Bxd5 53. Ne3 Nxh3+ 54. Kf1 Bxf3 55. Bb3 Nf4 56. Kf2 Bd5
57. Bc2 Kf7 58. Ng4 f5 59. Ne3 Kf6 60. Bd1 g4 61. Bd2 Ng6
62. Bc3 Ne7 63. Be2 Kg5 64. Bd2 Bf4 65. Bd1 Be4 66. Nc4 Bxd2
67. Nxd2 Bd5 68. Nb1 f4 69. Nc3 Nf5 70. Ne2 g3+ 71. Kg1 f3 0-1

[Event "World Blitz Championship"]
[Site "Berlin GER"]
[Date "2015.10.13"]
[EventDate "2015.10.13"]
[Round "8.7"]
[Result "1-0"]
[White "Jan-Krzysztof Duda"]
[Black "Vassily Ivanchuk"]
[WhiteElo "2658"]
[BlackElo "2726"]
[PlyCount "52"]

1. e4 c6 2. d4 d5 3. Nc3 dxe4 4. Nxe4 Bf5 5. Ng3 Bg6 6. Nh3
Nf6 7. Nf4 Nbd7 8. Bc4 Qc7 9. O-O e6 10. Re1 Bd6 11. Rxe6+
fxe6 12. Nxe6 Qb6 13. Qe2 Ke7 14. Bg5 Qxb2 15. Re1 Qxc2
16. Bd2 Nb6 17. Nxg7+ Kd7 18. Bb3 Qd3 19. Qe6+ Kc7 20. Qxf6
Raf8 21. Ne6+ Kd7 22. Nxf8+ Rxf8 23. Qg7+ Kc8 24. Bh6 Qc3
25. Rf1 a5 26. Bg5 Re8 1-0

[Event "World Blitz Championship"]
[Site "Berlin GER"]
[Date "2015.10.13"]
[EventDate "2015.10.13"]
[Round "9.3"]
[Result "1-0"]
[White "Levon Aronian"]
[Black "Jan-Krzysztof Duda"]
[WhiteElo "2784"]
[BlackElo "2658"]
[PlyCount "55"]

1. c4 Nf6 2. Nf3 e6 3. g3 d5 4. Bg2 dxc4 5. Qa4+ Nbd7 6. Qxc4
a6 7. Qb3 Be7 8. O-O O-O 9. Nc3 c5 10. a4 Nb8 11. Ne5 Ra7
12. a5 Nfd7 13. Nc4 Nc6 14. d3 Nd4 15. Qd1 Nb8 16. e3 Nf5
17. Qe2 Bd7 18. Rd1 Bc6 19. d4 Bxg2 20. Kxg2 cxd4 21. exd4 Qc7
22. d5 Bf6 23. Bf4 e5 24. Nxe5 Qe7 25. d6 Nxd6 26. Nd5 Qe6
27. Nxf6+ Qxf6 28. Ng4 1-0

[Event "World Blitz Championship"]
[Site "Berlin GER"]
[Date "2015.10.13"]
[EventDate "2015.10.13"]
[Round "10.12"]
[Result "1-0"]
[White "Jan-Krzysztof Duda"]
[Black "Dmitry Andreikin"]
[WhiteElo "2658"]
[BlackElo "2720"]
[PlyCount "63"]

1. e4 c5 2. Nf3 e6 3. d4 cxd4 4. Nxd4 Nc6 5. Nc3 a6 6. Nxc6
bxc6 7. Bd3 d5 8. O-O Nf6 9. e5 Nd7 10. Re1 Be7 11. Qg4 Kf8
12. Qh5 c5 13. b3 Bb7 14. Bd2 Qc7 15. Rad1 d4 16. Na4 g6
17. Bh6+ Kg8 18. Qe2 Bf8 19. Bxf8 Kxf8 20. c3 dxc3 21. Nxc3
Kg7 22. Be4 Rhd8 23. Bxb7 Qxb7 24. Ne4 Qb4 25. Qf3 Nf8 26. Nd6
Rxd6 27. Qf6+ Kg8 28. exd6 Nd7 29. Qe7 Ra7 30. Re3 Qg4 31. Rf3
Ne5 32. Qd8+ 1-0

[Event "World Blitz Championship"]
[Site "Berlin GER"]
[Date "2015.10.14"]
[EventDate "2015.10.13"]
[Round "13.18"]
[Result "1-0"]
[White "Hrant Melkumyan"]
[Black "Jan-Krzysztof Duda"]
[WhiteElo "2622"]
[BlackElo "2658"]
[PlyCount "75"]

1. d4 Nf6 2. c4 e6 3. Nc3 Bb4 4. Nf3 b6 5. e3 Bb7 6. Bd3 O-O
7. O-O c5 8. Na4 cxd4 9. exd4 d5 10. c5 bxc5 11. a3 c4
12. axb4 cxd3 13. Nc5 Bc6 14. Qxd3 Qb6 15. Qa3 Bb5 16. Re1 a6
17. Bg5 Nbd7 18. Ne5 Nxe5 19. dxe5 Ne4 20. Nxe4 dxe4 21. Rxe4
Rfc8 22. Qg3 Rc2 23. Bf6 g6 24. h3 Kf8 25. Rd1 Rac8 26. Qf4
Ke8 27. Red4 R2c4 28. Rxc4 Bxc4 29. Qh6 Bd5 30. Qxh7 Qxb4
31. Qg8+ Qf8 32. Qh7 Kd7 33. Qh4 Qc5 34. Qf4 a5 35. Bg5 Ke8
36. Qf6 a4 37. Kh2 Qc7 38. Rc1 1-0

[Event "World Blitz Championship"]
[Site "Berlin GER"]
[Date "2015.10.14"]
[EventDate "2015.10.13"]
[Round "14.24"]
[Result "1/2-1/2"]
[White "Jan-Krzysztof Duda"]
[Black "Ruslan Ponomariov"]
[WhiteElo "2658"]
[BlackElo "2710"]
[PlyCount "156"]

1. e4 c5 2. Nf3 d6 3. Bb5+ Nd7 4. d4 cxd4 5. Qxd4 a6 6. Bxd7+
Bxd7 7. Nc3 e5 8. Qd3 h6 9. O-O Nf6 10. Rd1 Be7 11. Nd2 b5
12. a3 O-O 13. Nf1 Bg4 14. f3 Be6 15. Ne3 Qb6 16. Kh1 Rfc8
17. Qe2 Qc6 18. Bd2 Bd8 19. Be1 Bb6 20. Bh4 Bxe3 21. Qxe3 Nd7
22. Be7 Nb6 23. Rxd6 Nc4 24. Rxc6 Nxe3 25. Rxc8+ Rxc8 26. Rc1
f6 27. Kg1 Kf7 28. Bb4 Nc4 29. Nd1 a5 30. Bc3 a4 31. Kf2 Rd8
32. Ke2 h5 33. Nf2 g5 34. Nd3 Kg6 35. Bb4 g4 36. b3 Nb6
37. Ba5 Rd6 38. Nc5 Bf7 39. Bxb6 Rxb6 40. Rd1 axb3 41. cxb3
Rc6 42. b4 Rc8 43. Rd6 Kg5 44. Kf2 Ra8 45. Ra6 Rd8 46. Ke3 Bc4
47. Ra7 Rd1 48. fxg4 hxg4 49. Rg7+ Kh5 50. h3 gxh3 51. gxh3
Ra1 52. Ra7 Kh4 53. Kf3 Rf1+ 54. Kg2 Rd1 55. a4 bxa4 56. Rxa4
Rd2+ 57. Kf3 Kxh3 58. Ra8 Kh4 59. Rf8 Kg5 60. Rb8 Rb2 61. Rb7
Kg6 62. Rb6 Kg5 63. Ke3 Kg4 64. Nd3 Rb3 65. Rd6 Bxd3 66. Rxd3
Rxb4 67. Rd6 Rb3+ 68. Ke2 Kg5 69. Ra6 Rg3 70. Kf2 Rb3 71. Ke2
Kf4 72. Rxf6+ Kxe4 73. Rh6 Rb2+ 74. Ke1 Rb3 75. Rh4+ Kd3
76. Rh3+ Kc4 77. Rxb3 Kxb3 78. Kd2 Kc4 1/2-1/2

[Event "World Blitz Championship"]
[Site "Berlin GER"]
[Date "2015.10.14"]
[EventDate "2015.10.13"]
[Round "16.21"]
[Result "0-1"]
[White "Jan-Krzysztof Duda"]
[Black "Eduardo Patricio Iturrizaga Bonelli"]
[WhiteElo "2658"]
[BlackElo "2641"]
[PlyCount "96"]

1. e4 c5 2. Nf3 g6 3. d4 cxd4 4. Nxd4 Nc6 5. c4 Bg7 6. Nc2 Nf6
7. Nc3 d6 8. Be2 Nd7 9. Bd2 a5 10. O-O Nc5 11. f3 Be6 12. Kh1
O-O 13. Rb1 Qb6 14. Ne3 Rfc8 15. Ncd5 Qd8 16. Bc3 Bxc3
17. Nxc3 Qb6 18. Qd2 a4 19. f4 f6 20. Bg4 Bxg4 21. Nxg4 Qd8
22. Rbe1 Rab8 23. Rf3 Qf8 24. Qf2 h5 25. Ne3 Nd3 26. Qd2 Nxe1
27. Qxe1 Qf7 28. Qh4 Kh7 29. g4 Rh8 30. Ncd5 Kg7 31. g5 fxg5
32. Qxg5 e6 33. Nc3 Rbf8 34. Nxa4 Qf6 35. Qg3 Qd4 36. Nc3 Rf6
37. Rf1 Rhf8 38. Rd1 Qc5 39. f5 Ne5 40. a3 Qc6 41. b4 Nxc4
42. b5 Qc5 43. Nxc4 Qxc4 44. Qxd6 Qxc3 45. Qe7+ R8f7 46. Qd6
Qf3+ 47. Kg1 Qxe4 48. Qb8 Qg4+ 0-1

[Event "World Blitz Championship"]
[Site "Berlin GER"]
[Date "2015.10.14"]
[EventDate "2015.10.13"]
[Round "17.30"]
[Result "0-1"]
[White "Milos Perunovic"]
[Black "Jan-Krzysztof Duda"]
[WhiteElo "2622"]
[BlackElo "2658"]
[PlyCount "127"]

1. e4 c5 2. Nc3 d6 3. f4 g6 4. Nf3 Bg7 5. Bb5+ Bd7 6. Bc4 Nc6
7. d3 e6 8. f5 gxf5 9. exf5 d5 10. Bb3 Nge7 11. Bg5 f6
12. fxe6 Bxe6 13. Be3 b6 14. O-O Qd7 15. Ne2 O-O-O 16. Nf4 Bf7
17. Bf2 Bh6 18. Ne2 Rhg8 19. Ng3 Bf4 20. a4 Na5 21. Ba2 Nec6
22. c3 Kb7 23. Rb1 Bd6 24. Qd2 Rg4 25. Rfe1 Rdg8 26. Re2 h5
27. Be1 h4 28. Nf1 h3 29. g3 Rxa4 30. b3 Rag4 31. Ne3 R4g7
32. b4 cxb4 33. cxb4 Nxb4 34. Rxb4 Bxb4 35. Qxb4 Nc6 36. Qf4
d4 37. Bxf7 Rxf7 38. Nf5 Ka8 39. N3xd4 Nxd4 40. Nxd4 Qd5
41. Nf3 Rc8 42. d4 Rfc7 43. Qe4 Qxe4 44. Rxe4 Rc2 45. Bd2 a5
46. d5 Rd8 47. Rd4 Kb7 48. Kf2 Ka6 49. Ke2 b5 50. Kd3 Rc5
51. d6 b4 52. d7 Rc7 53. Rd6+ Kb7 54. Rxf6 Rdxd7+ 55. Ke4 Rc4+
56. Ke3 Rd5 57. Ke2 a4 58. Rf7+ Ka6 59. Rf6+ Kb5 60. Rf8 a3
61. Rb8+ Ka4 62. Be3 a2 63. Ra8+ Ra5 64. Ng1 0-1

[Event "World Blitz Championship"]
[Site "Berlin GER"]
[Date "2015.10.14"]
[EventDate "2015.10.13"]
[Round "18.22"]
[Result "1-0"]
[White "Jan-Krzysztof Duda"]
[Black "Peter Leko"]
[WhiteElo "2658"]
[BlackElo "2707"]
[PlyCount "113"]

1. e4 e5 2. Nf3 Nc6 3. Nc3 Nf6 4. Bb5 Nd4 5. Ba4 Bc5 6. Nxe5
O-O 7. Nd3 Bb6 8. e5 Ne8 9. O-O d6 10. Re1 Bf5 11. exd6 Nxd6
12. Ne5 c6 13. d3 Qf6 14. Bf4 Rfe8 15. Qd2 h6 16. Bg3 Re7
17. Kh1 Rae8 18. f4 h5 19. Ne4 Bxe4 20. dxe4 Qh6 21. Rad1 f6
22. c3 fxe5 23. cxd4 exd4 24. e5 Nf5 25. Bf2 Rf8 26. Bb3+ Kh8
27. g3 h4 28. Kg2 Qg6 29. Qd3 Qh5 30. Rc1 Ne3+ 31. Bxe3 dxe3
32. Bd1 Qh6 33. Bg4 Rd8 34. Qc4 Qg6 35. Kh3 hxg3 36. hxg3 Rd2
37. Re2 Qd3 38. Qxd3 Rxd3 39. Kg2 Rd2 40. Kf3 g6 41. Rce1 Re8
42. b4 Kg7 43. a4 a5 44. bxa5 Bd4 45. Rb1 Re7 46. Bc8 c5
47. Rxb7 Rxb7 48. Bxb7 c4 49. Rxd2 exd2 50. Ke2 c3 51. a6 Kf7
52. Bd5+ Ke7 53. Be4 Kf7 54. Kd1 g5 55. fxg5 Ke7 56. g6 Kf8
57. e6 1-0

[Event "World Blitz Championship"]
[Site "Berlin GER"]
[Date "2015.10.14"]
[EventDate "2015.10.13"]
[Round "19.16"]
[Result "1-0"]
[White "Anton Korobov"]
[Black "Jan-Krzysztof Duda"]
[WhiteElo "2700"]
[BlackElo "2658"]
[PlyCount "67"]

1. d4 Nf6 2. c4 e6 3. Nf3 b6 4. a3 Bb7 5. Nc3 g6 6. Qc2 Bg7
7. e4 d6 8. Be2 Nbd7 9. O-O O-O 10. Be3 Qe7 11. h3 c5 12. Rad1
Rfd8 13. e5 dxe5 14. dxe5 Ne8 15. Bg5 f6 16. exf6 Bxf6 17. Bf4
Bg7 18. Rfe1 Nef6 19. Bd6 Qe8 20. Nb5 Ne4 21. Bd3 Ndf6
22. Bxe4 Bxe4 23. Rxe4 Nxe4 24. Qxe4 Qf7 25. Ng5 Qf5 26. Qxe6+
Qxe6 27. Nxe6 Rd7 28. Nxg7 Rxg7 29. Be5 Re7 30. f4 Rc8 31. Kf2
a6 32. Nc3 Rb7 33. a4 Kf7 34. Ne4 1-0